LIBRARY & INFORMATION CENTRE, KCAET, TAVANUR

ONLINE PUBLIC ACCESS CATALOGUE (OPAC)

Criteria for hydraulic design of groyne walls for sediment distribution at off take points in a canal IS: 7871-1975 (Record no. 6979)

MARC details
000 -LEADER
fixed length control field 00928cam a2200145ua 4500
041 ## - LANGUAGE CODE
Language code of text/sound track or separate title eng
082 ## - DEWEY DECIMAL CLASSIFICATION NUMBER
Classification number 627.86
Item number IND/CR
245 ## - TITLE STATEMENT
Title Criteria for hydraulic design of groyne walls for sediment distribution at off take points in a canal IS: 7871-1975
260 ## - PUBLICATION, DISTRIBUTION, ETC. (IMPRINT)
Place of publication New Delhi :
Name of publisher Indian Standards Institution ,
Year of publication 1983.
300 ## - PHYSICAL DESCRIPTION
Number of Pages 8 ; .
942 ## - ADDED ENTRY ELEMENTS (KOHA)
Koha item type Books
Holdings
Withdrawn status Lost status Damaged status Home library Current library Date acquired Full call number Accession Number Koha item type
      KAUAET KAUAET 07/04/2012 627.86 17548 Standards
free website counter